| 000 | 00450ntaaa2200181 4500 | ||
|---|---|---|---|
| 003 | 01 | ||
| 005 | 20251027202603.0 | ||
| 008 | 0714s1973 ag 01 | ||
| 040 |
_aAR-BaBN _bspa _cAR-BaBN _eaacr _dRIC |
||
| 082 | _a320.0000 P84 | ||
| 100 |
_aPosada, Adolfo _925030 |
||
| 245 | _aCiencia Politica | ||
| 250 | _a1 ed. | ||
| 260 |
_aBarcelona : _bSucesores de Manuel Soler, editores, _cn.f. |
||
| 300 | _a182 p | ||
| 650 |
_apolitica _95106 |
||
| 942 | _cBK | ||
| 999 |
_c20977 _d20977 |
||